[Event "Porto Mannu op 10th"]
[Site "Porto Mannu"]
[Date "2018.06.02"]
[Round "7"]
[White "Marin, Mihail"]
[Black "Ivanisevic, Ivan"]
[Result "1-0"]
[WhiteElo "2544"]
[BlackElo "2570"]
[Annotator "Marin,M"]
[PlyCount "63"]
[EventDate "2018.06.02"]
[EventType "swiss"]
[EventRounds "9"]
[EventCountry "ITA"]
[SourceTitle "CBM 185"]
[Source "ChessBase"]
[SourceDate "2018.07.13"]
[SourceVersion "1"]
[SourceVersionDate "2018.07.13"]
[SourceQuality "1"]
[TimeControl "5400+30"]

1. d4 Nf6 2. Nf3 d6 ({When I mentioned my possible deviation on move 7 with
Ivan, he said that his usual move order is} 2... g6 3. g3 Bg7 4. Bg2 O-O 5. O-O
c5 6. c4 Nc6 {With his second game move he might have wished to avoid 3.Bg5, a
system I had played occasionally and have written a few articles for CBM about.
}) 3. g3 g6 4. Bg2 Bg7 5. O-O O-O 6. c4 c5 7. Nc3 ({A long time ago I
successfully experimented with} 7. dxc5 dxc5 8. Ne5 {, which I used to
consider the most effective symmetrical move order. But nowadays I rarely
refrain from reaching positions with a black knight on a5.}) 7... Nc6 8. d5 Na5
9. Nd2 e5 ({It is interesting to compare our game with:} 9... a6 10. Qc2 Rb8
11. b3 b5 12. Bb2 h5 13. Rab1 Bf5 14. e4 Bd7 15. Nd1 e5 16. Bc3 h4 17. Ne3 Nh5
({Actually} 17... Bh6 18. Rbe1 {would lead to an exact transposition to our
main game.}) 18. Bf3 $16 {Marin,M (2511)-Bologan,V (2669) Sanxenxo 2004 CBM
105 [Stohl,I] (1-0, 45)}) 10. e4 $6 {Right after playing this move I realised
it was inaccurate, exposing the c1-h6 diagonal too early. I played it just by
reflex, remembering that this is how Geller reacted in one of my favourite
games, quoted below.} ({The best move order is} 10. b3 a6 ({If} 10... Ng4 {
White can transpose to Geller's game with} 11. e4) 11. Bb2 Rb8 12. Qc2 b5 13.
Rae1 {with possible transposition to the game, as after} Bh6 {White has} 14. e3
{and if} Bf5 15. e4 Bd7 16. Ncb1 {neutralising Black's pressure on c4.}) 10...
Bd7 {It is curious how many many inaccuracies we made during the initial phase
of the game. We were probably both focused on reaching the type of position
after move 14 below.} (10... a6 11. b3 Rb8 12. Bb2 ({Maybe White should
already deviate from the usual move order with} 12. Qc2 b5 13. Nd1 {planning
Bb2 and if} Bh6 14. Nf3 $5 Bxc1 15. Rxc1 $14 {The exchange of bishops has
improved White's coordination and weakened Black's kingside, without solving
the a5-knight's problems in any way.}) 12... b5 13. Qc2 Bh6 (13... bxc4 14.
bxc4 Bh6 {is inaccurate due to} 15. Ncb1 {followed by Bc3, when White can try
playing against the a5-knight already.}) 14. Nd1 bxc4 (14... Bxd2 $2 15. Qxd2
bxc4 16. Bc3 $18) 15. Nxc4 Nxc4 16. bxc4 Nh5 $11 {Rustemov,A (2607)-Paehtz,T 
(2451) Germany 2001 (½-½, 46)}) ({The aforementioned classical game went} 
10... Ng4 11. b3 f5 12. exf5 e4 13. f6 Nxf6 14. Ndxe4 Nxe4 15. Nxe4 Bxa1 16.
Bg5 Bf6 17. Nxf6+ Rxf6 18. Qa1 Kf7 19. Re1 $3 {Geller,E-Velimirovic,D Havana
1971 (1-0, 52) with huge initiative for the sacrioficed rook.}) 11. b3 a6 12.
Qc2 b5 13. Bb2 Rb8 ({It was not too late for} 13... Bh6 14. f4 ({With the rook
on a1 still and the b-file unavailable,} 14. Ncb1 {would leave White passive.})
14... bxc4 15. bxc4 Rb8 $132) 14. Rae1 h5 {Optically, this looks quite
promising, as White has no adequate way of preventing ...h5-h4. But ecperience
has taught me that with a passive knight on a5 Black takes big risks when
starting active kingside play. The point is that for practical reasons White
is simply a piece up on that wing!} (14... Bh6 {can be met with the familiar}
15. Ncb1 {already, even though White's regrouping would be less harmonious
than that in the game after Nd1-e3.}) 15. Nd1 {Finally I could breathe with
relief as I got to my favourite regrouping in this structure.} h4 16. Bc3 Bh6
17. Ne3 Nh5 {Later that evening, a mutual friend told me that, while praising
my play, Ivan mainly put the blame for his defeat on this move. Indeed, it
allows White a surprisingly effective regrouping.} ({But things remain shaky
for Black after Ivan's suggestion} 17... Nh7 18. f4 ({The more serious} 18. Qd1
{[%cal Ge3g4] planning Ng4 and delaying f2-f4 is also interesting.}) 18... exf4
(18... h3 {may be more restrictive, with a forced transposition to the main
sub-line.}) 19. gxf4 (19. Rxf4 $5) 19... h3 20. Bf3 (20. Bh1 $2 Bxf4 $1) 20...
Bxf4 21. Kh1 {Black has won a pawn but White is ready to attack the relatively
weakly defended black castled position with all his pieces. Inserting the
queen into the attack/defence with} b4 22. Bb2 Qh4 {does not change much:} 23.
Rg1 Rbe8 24. Bd1 {the same regrouping as in the game, planning Nf3, Nf5 with a
very strong attack.}) 18. Bf3 Ng7 ({Against} 18... Bh3 {I had prepared} 19.
Bxh5 Bxe3 (19... Bxf1 20. Ndxf1 gxh5 21. Nf5 $18) 20. Rxe3 Bxf1 21. Bd1 Bh3 22.
g4 $18 {trapping the bishop.}) 19. Bd1 ({I would have preferred transferring
my bishop to d3, but unfortunately} 19. Be2 $2 {allows} Bxe3 20. fxe3 $15 {
and yet, the bishop stands on d1 much better than I even thought initially.})
19... Bh3 {Black tries including as many pieces as possible in the attack.} ({
White's task is simpler from a practical point of view after} 19... f5 20. f4
exf4 21. gxf4 fxe4 ({The combination} 21... b4 22. Bb2 Bxf4 {fails to} 23. Rxf4
Qg5+ 24. Ng2 h3 25. Nf3 $18) 22. Qxe4 b4 23. Bb2 Qe8 24. Qg2 Bxf4 25. Ng4 $18 {
and once again the black king is helpless against White's massive attack.}) 20.
Ng2 f5 ({It is always a good question whether to open the h-file or not. Due
to White's better mobilisation it is more likely he would be the one to make
use of the open file after} 20... hxg3 21. hxg3 {Moreover, he can also use the
h2-square after} f5 22. Kh2 $16) 21. f4 ({Ivan told me that he was worried
about} 21. Nxh4 Bxf1 22. Rxf1 {and this had been my first candidate, too. I
was afraid that Black could keep his position together, but this is not very
likely as I see it now:} Kh7 ({I was also wondering whether I can make
progress after} 22... f4 23. Nxg6 Rf7 24. Nh4 $16 {Apparently I can:} Nb7 25.
Ndf3 {[%cal Gg3g4,Gh4f5] Preparing g3-g4 followed by Nf5.} Qd7 26. Bxe5 $5 dxe5
27. Nxe5 Qe8 28. Ng4 $5 {Trying to make the best out of it, but the immediate
capture on f7 should also win.} Bg5 29. Nf3 Bd8 30. Nh6+ Kh8 31. Nxf7+ Qxf7 32.
Ne5 Qe8 33. Nc6 Rc8 34. e5 $18) 23. exf5 gxf5 (23... Nxf5 24. Nxf5 gxf5 25. f4
$16) 24. f4 $16) 21... b4 {Black needs to free the queen from the task of
defending the knight, in order to include it in the attack. But strategically
this is a concession, as White is absolved of any queenside worries now.} ({
Launching the attack with the knight hanging does not work:} 21... Bxg2 22.
Kxg2 exf4 23. gxf4 Bxf4 (23... b4 24. Bxg7 Bxg7 25. Kh1 $5 $18) 24. Bxa5 Qg5+
25. Kh1 b4 26. Nf3 Qh6 27. e5 $18) 22. Bb2 Bxg2 (22... exf4 {would have been
more restrictive:} 23. gxf4 ({During the game I planned} 23. Nxf4 Bxf1 24. Bxg7
Bxg7 25. Ne6 Qf6 26. Nxf8 Rxf8 27. Rxf1 {but apparently Black has good play
here after, say,} hxg3 {The point is that after the exchanges White's pressure
needs refuelling, giving Black the time to redeploy his knight with ...
Nb7-d8-f7.}) 23... Bxg2 24. Kxg2 Bxf4 25. Kh1 $1 $18 {A familiar situation.
Black has won a pawn but his kingside is very weak and exposed to the combined
attack of all White's pieces.}) 23. Kxg2 exf4 24. e5 $5 {Black's slightly
premature exchange on g2 has offered White a wide choice of promising
continuations.} ({I rejected} 24. exf5 {due to} Nxf5 25. g4 h3+ 26. Kh1 Nh4 {
, thinking this would lead to some counterplay, failing to notice that} 27. Nf3
$18 {wins on the spot.}) (24. gxf4 {would transpose to the line indicated
above.}) 24... fxg3 ({I was slightly worried about} 24... dxe5 25. Bxe5 fxg3
26. hxg3 Nb7 (26... Nc6 {allows White to simplify to a won ending with} 27.
dxc6 Qxd2+ 28. Qxd2 Bxd2 29. Bxb8 Bxe1 30. Rxe1 Rxb8 31. Re7 Kf8 32. Rd7 $18)
27. Nf3 {If White manages to open the h-file he would be winning easily, but I
was unsure about} g5 28. Bxb8 Qxb8 29. gxh4 g4 {Engines give White a huge plus
after} 30. Ne5 $18 {and probably rightly so. White has an extra exchange and
can invade at his leisure and Black's pawns cannot advance due to the pressure
of White's pieces.}) 25. e6 $16 {[%csl Ga5] The advance of the e-pawn has
forever cut off the a5-knight from real life. Even though I had lost two pawns
in the process, I assumed I would repel the attack rather soon, and then start
my own, decisive, one. Ivan confessed he had hopes that attacking with a
reduced number of pieces would be succesful due to the exposure of my king. He
obviously underestimated White's perfect coordination.} Qg5 26. Nf3 h3+ $5 27.
Kxh3 ({I also examined} 27. Kg1 {which should be winning, too, but then
decided the game continuation is simpler to handle over the board.} Qe3+ (27...
Qg4 28. hxg3 Nh5 29. Ne5 Qxg3+ 30. Kh1 dxe5 31. Bxh5 Qg2+ 32. Qxg2 hxg2+ 33.
Kxg2 gxh5 34. Bxe5 Rbe8 35. Kf3 Nc6 36. Rg1+ Kh7 37. dxc6 Rxe6 38. Bh2 Rxe1 39.
Rxe1 $18) 28. Rxe3 Bxe3+ 29. Rf2 Bxf2+ 30. Kf1 $18 {Black's material advantage
persists, but so do the knight's isolation and the king's vulnerability.})
27... Qg4+ 28. Kg2 Nh5 ({I planned meeting} 28... gxh2+ 29. Kh1 Nh5 {with} 30.
Nxh2 {However, I did not notice that after} Ng3+ 31. Kg2 Qg5 {I would still
need to find a good move to win:} 32. Rg1 $3 {[%cal Gg2h3] Threatening the
slightly unusual Kh3} Ne4+ 33. Kh1 Ng3+ 34. Rxg3 Qxg3 35. Rg1 Qh4 (35... Qh3
36. Rxg6+ Kh7 37. Bg4 $1) 36. Rxg6+ Kh7 37. Rg4 $18 Qh3 38. Be2 $5 {[%cal
Ge2d3]}) 29. Ne5 $2 {Inaccurate but not spoiling the whole advantage yet.} (29.
Kh1 $1 Nf4 30. hxg3 Qh3+ (30... Qxg3 31. Rf2 $18 {[%cal Ge1g1]}) 31. Qh2 $18)
29... Qg5 $2 (29... Qh4 $1 {would have forced White into offering a repetition
with} 30. Nf3 ({I relied on} 30. Nf7 Qxh2+ 31. Kf3 {but Black has the shocking}
Bd2 $19 {with decisive mating threats!}) 30... Nf4+ {The only way of avoiding
a direct transposition to the winning line above.} 31. Kh1 Qh3 32. Rg1 $3 g2+
33. Rxg2 Nxg2 34. Qxg2 Qxg2+ 35. Kxg2 Bg7 36. Bc1 Bf6 37. h4 $16 {with
excellent winning chances despite the missing exchange.}) 30. Nf7 {Finally,
White's win is a matter of elementary accuracy.} Qd2+ ({During the game I
calculated the following lines:} 30... Rxf7 31. exf7+ Kxf7 32. Bxh5 gxh2+ 33.
Kh1 Qxh5 34. Qe4 $18) ({and} 30... Nf4+ 31. Rxf4 Qxf4 32. Nxh6+ Qxh6 33. hxg3
Qg5 34. Rh1 Rf6 35. Qc1 f4 (35... Qxc1 36. Bxc1 Re8 37. Bb2 Kg7 38. g4 $18) 36.
Qxf4 $1) 31. Re2 $1 Qxc2 (31... Nf4+ 32. Rxf4 Qxf4 33. hxg3 $18 {[%csl Gh6]})
32. Rxc2 ({For some reason I thought this to be simpler than} 32. Nxh6+ Kh7 33.
Bxc2 Kxh6 34. hxg3 $18) ({But} 32. Rxc2 {was "convincing" enough:} Bg7 33. Bxh5
Bxb2 34. Rxb2 gxh5 35. Rxf5 $18 {with a decisive attack.}) 1-0